Fangoria's Top 300 Quiz Stats

 Plays Quiz not verified by Sporcle

Score 0/300 Timer 20:00
0 Plays Today
Year Title % Correct
1931Dracula
93.7%
1992Dracula
93.7%
1931Frankenstein
92.4%
1978Halloween
91.7%
1968Night of the Living Dead
91.1%
1984A Nightmare on Elm Street
91.1%
1978Dawn of the Dead
89.8%
2004Dawn of the Dead
89.8%
1960Psycho
89.7%
1980Friday the 13th
89.3%
1974The Texas Chain Saw Massacre
89.1%
1975Jaws
89%
1979Nosferatu the Vampyre
88.9%
1922Nosferatu
88.9%
1980The Shining
88.8%
1979Alien
88.4%
1951The Thing from Another World
86.6%
1982The Thing
86.6%
1996Scream
86.3%
1976Carrie
86.1%
1981The Evil Dead
86%
1935Bride of Frankenstein
85.8%
1977House
85.7%
1973The Exorcist
85.5%
1963The Birds
85.1%
1998Ring
84.9%
2002The Ring
84.9%
1987Hellraiser
84.1%
2004Saw
84.1%
1986Aliens
84%
1968Rosemary's Baby
83.9%
1962The Day of the Triffids
82.7%
1981An American Werewolf in London
82.5%
1958The Fly
81.4%
1986The Fly
81.4%
1982Poltergeist
81.2%
1972The Last House on the Left
80.1%
1977Suspiria
80.1%
1971The Devils
79.6%
1999The Sixth Sense
78.6%
1991The Silence of the Lambs
78.6%
2007Hostel: Part II
78.3%
2006The Host
78.1%
1941The Wolf Man
78%
1976The Omen
76.9%
1932Freaks
76.8%
1977The Hills Have Eyes
76.8%
1974Black Christmas
75.5%
1925The Phantom of the Opera
75.4%
1920The Cabinet of Dr. Caligari
75.3%
1980The Fog
73.9%
1999Audition
73.9%
1999The Blair Witch Project
73.6%
2007The Mist
73.4%
1988Child's Play
73.2%
1933King Kong
72.8%
1956Invasion of the Body Snatchers
72.7%
1978Invasion of the Body Snatchers
72.7%
200228 Days Later...
72.3%
1963The Haunting
71.7%
1977Eraserhead
71.5%
2009Amer
70.9%
2008Let the Right One In
70.8%
1979Zombie
70.3%
1983Videodrome
70.2%
2009Drag Me to Hell
70.1%
2006Pan's Labyrinth
70%
2002Cabin Fever
70%
1954Creature from the Black Lagoon
69.8%
1984Gremlins
69.6%
1985Re-Animator
69.5%
1933The Invisible Man
68.9%
2004Shaun of the Dead
68.9%
1942Cat People
68.3%
1982Cat People
68.3%
2005The Devil's Rejects
68.1%
1989Pet Sematary
68.1%
1979Phantasm
67.1%
2005The Descent
66.8%
1973The Wicker Man
66.6%
1992Dead Alive
66.5%
1981The Howling
66.2%
1985The Return of the Living Dead
66.1%
1965Repulsion
66%
1992Candyman
65.9%
1995Se7en
65.9%
1982Creepshow
65.8%
1954Godzilla
65.7%
1983Cujo
65.4%
2010Black Swan
65.4%
1958The Blob
65.1%
1988The Blob
65.1%
1985Day of the Dead
65%
1971A Clockwork Orange
64.9%
1973Don't Look Now
64.5%
2001The Devil's Backbone
64.4%
1980Cannibal Holocaust
64.3%
2001The Others
63.3%
1987The Lost Boys
63.1%
2009Orphan
62.3%
Year Title % Correct
1985Demons
62.2%
1996From Dusk Till Dawn
62%
1960Peeping Tom
61.7%
2008The Children
61.5%
2007[Rec]
61.3%
1976The Tenant
60.4%
2007Grindhouse
60%
1960Black Sunday
59.9%
1954Them!
59.9%
2006Them
59.9%
1979The Brood
59.7%
2005Land of the Dead
59.7%
1922Häxan: Witchcraft Through the Ages
59%
2000American Psycho
58.9%
2008Martyrs
58.9%
2007The Orphanage
58.7%
1953House of Wax
58.7%
1987Near Dark
58.6%
1963Black Sabbath
58.4%
2009Antichrist
58.4%
1986Blue Velvet
58.4%
1985Fright Night
58.3%
1976Martin
58.2%
1934The Black Cat
58%
1983The Dead Zone
58%
1979Salem's Lot
57.7%
1987Evil Dead II
57.7%
1988Dead Ringers
57.5%
1962The Brain That Wouldn't Die
57.5%
2003High Tension
57.4%
1980Maniac
57.3%
1931Dr. Jekyll and Mr. Hyde
57%
1990Jacob's Ladder
57%
1994New Nightmare
56.8%
2009The Human Centipede (First Sequence)
56.4%
1960Eyes Without a Face
56.3%
1960Village of the Damned
56.3%
1988Pumpkinhead
56.3%
200728 Weeks Later
56.1%
1981The Beyond
55.8%
1973Sisters
55.7%
1978Piranha
55.4%
1959Plan 9 from Outer Space
55%
1955Diabolique
55%
1982Q
55%
1978I Spit on Your Grave
55%
1975Deep Red
54.9%
1993Cronos
54.8%
1987Bad Taste
54.8%
1958Horror of Dracula
54.7%
1980The Changeling
54.7%
1982Basket Case
54.7%
1962Carnival of Souls
54.6%
1957The Curse of Frankenstein
54.3%
1996The Frighteners
54.2%
2006Slither
54.1%
2008Cloverfield
54%
2007Sweeney Todd: The Demon Barber of Fleet Street
53.8%
1986Henry: Portrait of a Serial Killer
53.6%
2005Wolf Creek
53.3%
1990Nightbreed
52.5%
2000Requiem for a Dream
52.5%
1987Opera
52.4%
1961The Innocents
52.4%
1997Lost Highway
52%
1984Children of the Corn
51.9%
1972Frenzy
51.4%
1962What Ever Happened to Baby Jane?
51.3%
2002May
51%
2007Trick 'r Treat
51%
1988Killer Klowns from Outer Space
50.8%
1985Phenomena
50.7%
1929Un Chien Andalou
50.6%
2000Ginger Snaps
50.3%
2006Hatchet
50.3%
2009The House of the Devil
49.6%
1986From Beyond
49.5%
1974It's Alive
49.2%
1932Island of Lost Souls
49.2%
1964Onibaba
49%
2002Blade II
48.8%
1986The Hitcher
48.6%
1988The Vanishing
48.5%
1990Tremors
48.5%
1980Dressed to Kill
48.4%
1961Pit and the Pendulum
48.2%
1964Kwaidan
47.8%
1971Let's Scare Jessica to Death
47.8%
1980City of the Living Dead
47.7%
1959The Tingler
47.5%
1976Alice Sweet Alice
47.3%
1959A Bucket of Blood
47.2%
1963Blood Feast
47.1%
1997Funny Games
47%
2001Pulse
46.8%
1997Cube
46.7%
1986Night of the Creeps
46.6%
1971The Abominable Dr. Phibes
46.4%
1928The Man Who Laughs
46.4%
2008The Strangers
46.3%
Year Title % Correct
1966Kill Baby, Kill
46.2%
1960House of Usher
46.1%
1972Tales from the Crypt
45.8%
2006The Living and the Dead
45.8%
1964Blood and Black Lace
45.6%
2009Valhalla Rising
45.5%
1994Cemetery Man
45.4%
1984The Company of Wolves
45.4%
1987The Stepfather
45.3%
1988The Lair of the White Worm
45.3%
1974Dead of Night
45.3%
2010Red White & Blue
45.3%
1961The Curse of the Werewolf
44.7%
1964The Masque of the Red Death
44.5%
2001Dagon
44.4%
2006Silent Hill
44.1%
2009Triangle
43.6%
1980Altered States
43.6%
2001Session 9
43.4%
1956The Bad Seed
42.9%
1960The Brides of Dracula
42.8%
2007Inside
42.8%
1960The City of the Dead
42.7%
1989Santa Sangre
42.7%
1988Brain Damage
42.4%
1989Parents
41.9%
1989Dead Calm
41.8%
1957Curse of the Demon
41.7%
1957The Incredible Shrinking Man
41.5%
1980Alligator
41.5%
2003Open Water
41.3%
1977The Sentinel
41.2%
1989Tetsuo, the Iron Man
41.2%
1975They Came from Within
41.1%
1968Witchfinder General
41.1%
1975Vampyres
41%
1967The Fearless Vampire Killers
40.7%
1985Lifeforce
40.7%
1987Nekromantik
40.7%
1972Blacula
40.4%
1968Spider Baby or, The Maddest Story Ever Told
40.2%
2002Bubba Ho-Tep
40.2%
1984C.H.U.D.
40.1%
1987A Chinese Ghost Story
40%
1973Theatre of Blood
39.8%
2001Wendigo
39.5%
1974Phantom of the Paradise
38.9%
1976Who Can Kill a Child?
38.8%
2006Behind the Mask: The Rise of Leslie Vernon
38.3%
1948Bud Abbott and Lou Costello Meet Frankenstein
38%
1981Ms. 45
37.8%
1957I Was a Teenage Werewolf
36.9%
1970The Vampire Lovers
36.9%
1976Squirm
36.3%
2001Brotherhood of the Wolf
36.1%
1973Raw Meat
36%
1995Tales from the Hood
36%
1982The Living Dead Girl
35.9%
1958Fiend Without a Face
35.7%
1968The Devil Rides Out
35.5%
1977Kingdom of the Spiders
34.7%
1987StageFright: Aquarius
34.6%
1974Let Sleeping Corpses Lie
34.5%
1987Angel Heart
34.5%
1998I Stand Alone
33.9%
1971Daughters of Darkness
33.2%
2008The Burrowers
33.1%
1987In a Glass Cage
32.7%
1965The Nanny
32.4%
1987Street Trash
32.1%
2008I Sell the Dead
32%
1971Twitch of the Death Nerve
31.8%
1972Tombs of the Blind Dead
31.7%
1995Tales from the Crypt: Demon Knight
31.6%
1971Willard
31.2%
1992Dust Devil
31.1%
1978The Shout
31%
1968Targets
30.5%
1964The Last Man on Earth
30.4%
2007The Signal
30.2%
2000Spiral
29.9%
1970I Drink Your Blood
29.7%
1977Demon Seed
29.6%
1974Cover Up
29.4%
1970House of Dark Shadows
29.3%
1995The Day of the Beast
29%
2004They Came Back
29%
1995The Prophecy
28.8%
1971Don't Deliver Us from Evil
28.7%
1975Race with the Devil
28.7%
1977The Last Wave
28.7%
1972Horror Express
28.7%
1973Count Dracula's Great Love
28.6%
1973Lemora: A Child's Tale of the Supernatural
28.5%
1999The Nameless
28.1%
1980The Silent Scream
27.3%
1965Bloody Pit of Horror
26.8%
1973The Death Wheelers
24.2%
1973Horror Rises from the Tomb
23.3%
1964The Night Walker
22.1%

You're not logged in!

Compare scores with friends on all Sporcle quizzes.
OR
Log In

Show Comments

Extras

Top Quizzes Today


Score Distribution

Your Account Isn't Verified!

In order to create a playlist on Sporcle, you need to verify the email address you used during registration. Go to your Sporcle Settings to finish the process.

Report this User

Report this user for behavior that violates our Community Guidelines.

Details: